| 000 | 00716nam a2200241 a 4500 | ||
|---|---|---|---|
| 001 | 66138 | ||
| 003 | BD-RjUL | ||
| 005 | 20211209081514.0 | ||
| 008 | 170314s1901 pau 001 0 eng d | ||
| 035 | _a(BD-RjUL)66268 | ||
| 040 |
_aBD-RjUL _cBD-RjUL _dBD-RjUL _beng |
||
| 041 | _aeng | ||
| 082 |
_223 _a615.532 _bNAL 1901 |
||
| 100 | 1 |
_aNash, Eugene Beauharnais, _d1838- _9195674 |
|
| 245 | 1 | 0 |
_aLeaders in homoeopathic therapeutics / _cBy E.B. Nash, M.D. |
| 250 | _a2nd ed. | ||
| 260 |
_aPhiladelphia : _bBoericke & Tafel, _c1901. |
||
| 300 |
_a420 p. ; _c19 cm. |
||
| 500 | _aIncludes index | ||
| 650 | 0 |
_aHomeopathy _9195675 |
|
| 650 | 0 |
_aHomeopathy _xMateria medica and therapeutics. _9195676 |
|
| 942 |
_2ddc _cBK |
||
| 999 |
_c66138 _d66138 |
||